| 000 | 01283nac a22003977a 4500 | ||
|---|---|---|---|
| 001 | BR2022000594 | ||
| 003 | BR-BrBNA | ||
| 005 | 20240105124058.0 | ||
| 008 | 230509b bl.|||m| |||| 00| 0 por d | ||
| 040 |
_aBR-BrBNA _bpor _cBiblioteca Nacional de Agricultura |
||
| 072 | _aF01; Q02; H10 | ||
| 090 | _a9921 BR2022000594 | ||
| 100 | 1 | _aSilveira, S.V. da (ed.) | |
| 100 | 1 | _aProtas, J.F. da S. (ed.) | |
| 110 | 1 | _aEmbrapa Uva e Vinho, Bento Gonçalves, RS (Brasil) | |
| 245 | 1 | _aVinhos finos da região da Campanha Gaúcha: tecnologias para a vitivinicultura e para estruturação de indicação geográfica | |
| 260 | 3 |
_aBento Gonçalves, RS (Brasil): _c2021. |
|
| 300 | _a228 p. | ||
| 490 |
_aDocumentos - Embrapa Uva e Vinho (Brazil) _vno. 130 _x1516-8107 |
||
| 500 | _aIncludes several bibliographies; 115 illus.; 28 tables | ||
| 650 | _aVINHO | ||
| 650 | _aENOLOGIA | ||
| 650 | _aVIDEIRA | ||
| 650 | _aUVA | ||
| 650 | _aFRUTA DE CLIMA TEMPERADO | ||
| 650 | _aFITOTECNIA | ||
| 650 | _aPROCEDÊNCIA | ||
| 650 | _aRISCO | ||
| 650 | _aADUBAÇÃO | ||
| 650 | _aMANEJO DO SOLO | ||
| 650 | _aPRAGA DE PLANTA | ||
| 650 | _aDOENÇA DE PLANTA | ||
| 650 | _aCAMPANHA GAÚCHA | ||
| 909 |
_a202312 _bLúcia Elande _c55 _dLúcia Elande |
||
| 942 |
_2AGRIS _n0 _cMS |
||
| 999 |
_c298279 _d298279 |
||